000 01217cam a2200325 a 4500
001 13962383
003 OSt
005 20121204200813.0
008 050512s2005 ke b 000 0 eng
010 _a 2005328356
020 _a9966703403
040 _aDLC
_cDLC
_dDLC
042 _alccopycat
_alcode
043 _af-ke---
050 0 0 _aKSK3570
_b.K85 2005
082 0 0 _a347.05 KUL
_222
100 1 _aKuloba, R.,
_d1946-
_91854
245 1 0 _aJudicial hints on civil procedure /
_c[Richard Kuloba].
250 _a2nd ed.
260 _aNairobi, Kenya :
_bLawAfrica,
_cc2005.
300 _aIviii, 334 p. ;
_c24 cm.
504 _aIncludes bibliographical references.
650 0 _aCivil procedure
_zKenya.
_91855
906 _a7
_bcbc
_corigcop
_d2
_encip
_f20
_gy-gencatlg
942 _2ddc
_cBK
999 _c642
_d642